000
00245nam a2200109Ia 4500
008
240625s9999 xx 000 0 und d
041
_a
eng
082
_a
658.8 ELE
100
_a
3G LEARNING
245
_a
INTERNATIONAL MARKETING
260
_c
2014
999
_c
35244
_d
35244